000 00497nam a22001697a 4500
003 BD-ChCU
005 20260112130212.0
008 260112b bg ||||| |||| 00| 0 ben d
040 _cBD-ChCU
082 _a191 STA
100 _aStroh, Guy W.
_919031
245 _aAmerican philosophy from Edwards to Dewey :
_ban introduction (an East-West ed.)
_cGuy W. Stroh
260 _aNew York
_bVan Nostrand.
_c1970
300 _ax, 288p
650 0 _aPhilosophy, American.
_919032
942 _2ddc
_cBK
_n0
999 _c110931
_d110931